000 00635nam a2200121Ia 4500
008 220615s9999||||xx |||||||||||||| ||und||
245 0 _aFeminist IR in Europe
_bKnowledge Production in Academic Institutions
546 _aEnglish[eng]
650 _afeminist IR||feminist IR theory||feminism in IR||feminist theory in international relations||Critical Security Studies||War||Military||Peace||peacebuilding||migration||gender||global governance||social movements||international organizations
700 _aStern, Maria||Towns, Ann E.
856 _uhttps://library.oapen.org/bitstream/20.500.12657/53350/1/978-3-030-91999-3.pdf
942 _cEB
999 _c8359
_d8359